000 00777nam a22002057a 4500
999 _c2074
_d2074
003 AR-CdUCM
008 190301b ||||| |||| 00| 0 eng d
040 _aMUNICIPALIDAD PROVINCIAL DEL CUSCO
_cBIBLIOTECA MUNICIPAL DEL CUSCO
082 _a321.3 /
_bB18
100 _aBallón Aguirre, Francisco
_97494
245 _aVoto con identidad :
_bidiomas oficiales y democracia /
260 _aLima :
_bCipa,
_c2006.
300 _a97 páginas ;
_c20 cm.
505 _aContenido: Los fundamentos: la dignidad dela persona humana y la soberanía pueblo -- El derecho político al sufrago en los idiomas ancestrales...
650 _aIdiomas ancestrales
_97495
650 _aPolítica de sufragio
_97496
650 _aDemocracia
_92598
942 _2ddc
_cLIBROS
945 _awfj
_d2019-03-01